Efekt logistiky v nákupním marketingu

Získať a udržať si zákazníka znamená poznať, čo má pre neho najvyššiu hodnotu a zamerať sa na procesy, ktorými sa tá hodnota dá získať. Zákazníci a spotrebitelia kladú stále väčšie nároky na úroveň služieb. Zavádzanie logistickej koncepcie ako predpoklad úspechu v náročnom podnikateľskom prostredí....

Ausführliche Beschreibung

Gespeichert in:
Bibliographische Detailangaben
1. Verfasser: Jurová, Marie
Weitere Verfasser: Kocmanová, Alena, Šunka, Josef
Format: Buchkapitel
Sprache:Tschechisch
Schlagworte:
Tags: Tag hinzufügen
Keine Tags, Fügen Sie das erste Tag hinzu!

MARC

LEADER 00000naa a2200000 4500
001 r040530
005 20230522110825.9
041 0 |a cze 
044 |a CZ 
245 1 0 |a Efekt logistiky v nákupním marketingu  |c Marie Jurová, Alena Kocmanová, Josef Šunka 
520 |a Získať a udržať si zákazníka znamená poznať, čo má pre neho najvyššiu hodnotu a zamerať sa na procesy, ktorými sa tá hodnota dá získať. Zákazníci a spotrebitelia kladú stále väčšie nároky na úroveň služieb. Zavádzanie logistickej koncepcie ako predpoklad úspechu v náročnom podnikateľskom prostredí. Logistika a nákupný marketing. 
610 2 0 |a logistika 
610 2 0 |a marketing nákupný 
610 2 0 |a zákazníci 
610 2 0 |a kvalita 
610 2 0 |a ceny 
610 2 0 |a zásobovanie 
610 2 0 |a lehoty dodacie 
610 2 0 |a flexibilita 
610 2 0 |a dodávatelia 
610 2 0 |a Česko 
610 2 0 |a nákup 
100 1 |a Jurová, Marie 
700 1 |a Kocmanová, Alena 
700 1 |a Šunka, Josef